A dialogue between my Lord B----ke and my Lord W--on; concerning the coming over of the Duke of M----gh..

Bibliographic Details
Format: eBook
Language:English
Published: [London? : publisher not identified], printed in the year 1714.
Series:Early English books online.
Subjects:
Online Access:Connect to the full text of this electronic book

MARC

Tag First Indicator Second Indicator Subfields
LEADER 00000nam a2200000 4500
001 in00004200439
005 20200806085723.0
006 m g d
007 cr bn |||a|bb|
008 781208s1714 enk o 00 eng d
035 |a (UnM)99895035 
037 |a CL2105000002  |b ProQuest Information and Learning. 300 N. Zeeb Rd., Ann Arbor, MI 48106 
040 |a Uk-ES  |c Uk-ES  |d CStRLIN  |d Cu-RivES  |e dcrb 
245 0 2 |a A dialogue between my Lord B----ke and my Lord W--on; concerning the coming over of the Duke of M----gh.. 
260 |a [London? :  |b publisher not identified],  |c printed in the year 1714. 
300 |a 1 online resource (1 sheet ([1] pages). 
336 |a text  |b txt  |2 rdacontent 
337 |a computer  |b c  |2 rdamedia 
338 |a online resource  |b cr  |2 rdacarrier 
500 |a Lord B----ke = Bolingbroke; Lord W--ton = Wharton; Duke of M----gh = Marlborough. 
500 |a A satire. 
500 |a Caption title. 
500 |a Reproduction of original in the British Library. 
510 4 |a Early English books tract supplement interim guide  |c 816.m.19.[75] 
533 |a Electronic reproduction.  |b Ann Arbor, Mich. :  |c UMI,  |d 1999-  |f (Early English books online)  |n Digital version of: (Early English books; Tract supplement ; D2:1[78])  |7 s1999 miun s 
600 1 0 |a Wharton, Thomas Wharton,  |c Marquess of,  |d 1648?-1715  |v Early works to 1800. 
600 1 0 |a Marlborough, John Churchill,  |c Duke of,  |d 1650-1722  |v Early works to 1800. 
600 1 0 |a Bolingbroke, Henry St. John,  |c Viscount,  |d 1678-1751  |v Early works to 1800. 
650 0 |a Political satire,  |z England  |v Early works to 1800. 
651 0 |a Great Britain  |x Politics and government  |y 1702-1714  |v Early works to 1800. 
830 0 |a Early English books online. 
856 4 0 |u http://proxy.library.tamu.edu/login?url=https://search.proquest.com/docview/2240936822  |z Connect to the full text of this electronic book  |t 0 
999 f f |s f4881c41-20a0-3406-85fb-22a510c69e69  |i fda589f8-91e1-352b-8aa6-2b9b2801e42a  |t 0 
952 f f |a Texas A&M University  |b College Station  |c Electronic Resources  |d Available Online  |t 0  |h No information provided 
998 f f |t 0  |l Available Online